Bổ sung vitamin C nâng cao năng suất gia cầm
Đã lưu trong:
| Hovedforfatter: | |
|---|---|
| Format: | Bog |
| Sprog: | Undetermined |
| Udgivet: |
Hà Nội
Nông nghiệp
2004
|
| Fag: | |
| Tags: |
Tilføj Tag
Ingen Tags, Vær først til at tagge denne postø!
|
| Thư viện lưu trữ: | Trung tâm Học liệu Trường Đại học Cần Thơ |
|---|
| LEADER | 00681nam a2200229Ia 4500 | ||
|---|---|---|---|
| 001 | CTU_87666 | ||
| 008 | 210402s9999 xx 000 0 und d | ||
| 020 | |c 9800 | ||
| 082 | |a 636.508528 | ||
| 082 | |b Đ406 | ||
| 100 | |a Bùi, Hữu Đoàn | ||
| 245 | 0 | |a Bổ sung vitamin C nâng cao năng suất gia cầm | |
| 245 | 0 | |c Bùi Hữu Đoàn | |
| 260 | |a Hà Nội | ||
| 260 | |b Nông nghiệp | ||
| 260 | |c 2004 | ||
| 526 | |a Dinh dưỡng gia cầm,Công nghệ chăn nuôi gia cầm | ||
| 526 | |b NNN605,NNN618 | ||
| 650 | |a Poultry | ||
| 650 | |x Breeding | ||
| 904 | |i Trúc | ||
| 980 | |a Trung tâm Học liệu Trường Đại học Cần Thơ | ||